Tarikh-e Tehzeeb Insani / (Record no. 528037)
[ view plain ]
| 000 -LEADER | |
|---|---|
| fixed length control field | 00570nam a22001937a 4500 |
| 003 - CONTROL NUMBER IDENTIFIER | |
| control field | NUST |
| 005 - DATE AND TIME OF LATEST TRANSACTION | |
| control field | 20190826100821.0 |
| 008 - FIXED-LENGTH DATA ELEMENTS--GENERAL INFORMATION | |
| fixed length control field | 190826b ||||| |||| 00| 0 eng d |
| 038 ## - RECORD CONTENT LICENSOR | |
| Staff Name | Faiza |
| 082 ## - DEWEY DECIMAL CLASSIFICATION NUMBER | |
| Classification number | 901.9 |
| Author Mark | ABD |
| 100 ## - MAIN ENTRY--PERSONAL NAME | |
| Personal name | Abdul Rasool, Muhammad |
| 9 (RLIN) | 19555 |
| 245 ## - TITLE STATEMENT | |
| Title | Tarikh-e Tehzeeb Insani / |
| Statement of responsibility, etc. | Muhammad Abdul Rasool |
| 260 ## - PUBLICATION, DISTRIBUTION, ETC. | |
| Place of publication, distribution, etc. | Sargodha, |
| Name of publisher, distributor, etc. | University of Sargodha: |
| Date of publication, distribution, etc. | 2008. |
| 300 ## - PHYSICAL DESCRIPTION | |
| Extent | 280p. ; |
| 500 ## - GENERAL NOTE | |
| General note | Hard Cover |
| 880 ## - ALTERNATE GRAPHIC REPRESENTATION | |
| Linkage | 100-01\r |
| Title | محمد عبدالرسول |
| 880 ## - ALTERNATE GRAPHIC REPRESENTATION | |
| Linkage | 245-02\r |
| Title | /تاریخِ تہذیبِ انسانی |
| 942 ## - ADDED ENTRY ELEMENTS (KOHA) | |
| Source of classification or shelving scheme | |
| Koha item type | Book |
| Withdrawn status | Lost status | Source of classification or shelving scheme | Damaged status | Not for loan | Permanent Location | Current Location | Date acquired | Total Checkouts | Total Renewals | Full call number | Barcode | Checked out | Date last seen | Date last checked out | Price effective from | Koha item type |
|---|---|---|---|---|---|---|---|---|---|---|---|---|---|---|---|---|
| Central Library (CL) | Central Library (CL) | 08/26/2019 | 3 | 3 | 901.9 ABD | CL-D-478 | 01/31/2026 | 01/01/2026 | 01/01/2026 | 08/26/2019 | Book | |||||
| Central Library (CL) | Central Library (CL) | 08/26/2019 | 4 | 3 | 901.9 ABD | CL-D-479 | 09/09/2024 | 07/16/2023 | 08/26/2019 | Book | ||||||
| Central Library (CL) | Central Library (CL) | 08/26/2019 | 1 | 901.9 ABD | CL-D-480 | 06/04/2025 | 08/26/2019 | Book | ||||||||
| Central Library (CL) | Central Library (CL) | 08/26/2019 | 1 | 901.9 ABD | CL-D-481 | 09/17/2021 | 03/12/2020 | 08/26/2019 | Book | |||||||
| Central Library (CL) | Central Library (CL) | 08/26/2019 | 901.9 ABD | CL-D-482 | 08/26/2019 | 08/26/2019 | Book | |||||||||
| Central Library (CL) | Central Library (CL) | 08/26/2019 | 901.9 ABD | CL-D-483 | 08/26/2019 | 08/26/2019 | Book |
